Normal view
MARC view
Entry Personal Name
001 - CONTROL NUMBER
- control field: 43621
003 - CONTROL NUMBER IDENTIFIER
- control field: OSt
005 - DATE AND TIME OF LATEST TRANSACTION
- control field: 20160306151012.0
008 - FIXED-LENGTH DATA ELEMENTS
- fixed length control field: 160306|| aca||aabn | a|a d
040 ## - CATALOGING SOURCE
- Original cataloging agency: OSt
- Transcribing agency: OSt
100 ## - HEADING--PERSONAL NAME
- Personal name: शीतलासहाय बाबू
670 ## - SOURCE DATA FOUND
- Source citation: Work cat.: (OSt)23379: शीतलासहाय बाबू , कथा-कन्ज , 1940









